Представление документа в формате RUSMARC

ПолеНазваниеЗначение
  Тип записи a
  Библиографический уровень a
001 Контрольный номер RU/CBS_Ul/BASE/488547750
005 Дата корректировки 20250124011038.4
100 Данные общей обработки __
a Данные общей обработки 20150625d2015 ||| 0rusy0189 ca
101 Язык документа 0_
a Язык текста rus
102 Страна публикации __
a Страна публикации RU
105 Кодированные данные (монография) __
a Кодированные данные (монография) y###||||000|y
200 Заглавие и сведения об ответственности 1_
a Заглавие Победитель о Параде Победы
b Общее обозначение материала Текст
e Сведения, относящиеся к заглавию [участник Великой Отечественной войны Е.В. Коников размышляет о Параде Победы 1945 года]
f Первые сведения об ответственности Д. Ноздряков
300 Общие примечания __
a Общие примечания Ограничения по возрасту - 12+
461 Уровень набора _0
1 2000
a Народная газета
463 Уровень физической единицы _0
1 001RU/CBS_Ul/BASE/488546495
1 2000
a № 25 (24 июня)
v С. 22
1 210
d 2015
600 Персоналии _0
a Персоналии (Фамилия) Коников
b Персоналии (Имя, инициалы) Е. В.
606 Тематические рубрики 0_
a Основная рубрика Коников, Ефим Вульфович (1923)
606 Тематические рубрики 0_
a Основная рубрика Военные парады - Москва, город - 1945
610 Ключевые слова 0_
a Ключевые слова Великая Отечественная война
610 Ключевые слова 0_
a Ключевые слова ВОВ
610 Ключевые слова 0_
a Ключевые слова участники ВОВ
610 Ключевые слова 0_
a Ключевые слова ветераны ВОВ
610 Ключевые слова 0_
a Ключевые слова воспоминания
610 Ключевые слова 0_
a Ключевые слова парады
a Ключевые слова военные парады
610 Ключевые слова 0_
a Ключевые слова парады Победы
686 Индексы других классификаций __
a Классификационный индекс 63.3(2)622.78
2 Код системы ББК
700 Автор _1
a Фамилия Ноздряков
b Имя (инициалы) Д.
801 Источник записи _0
a Страна RU
b Организация МБУК ЦБС г. Ульяновска
c Дата составления 20150625
g Правила каталогизации RCR
801 Источник записи _1
a Страна RU
b Организация МБУК ЦБС г. Ульяновска
c Дата составления 20150625
g Правила каталогизации RCR
901 Тип документа __
t Тип документа f
w Контрольный № источника RU/CBS_Ul/BASE/488546495
910 Корректоры записи __
a Корректор записи Асеева
938 Служебная информация __
a Имя БД kraeved